Pedagogía española (Record no. 34203)

MARC details
000 -LEADER
campo de control de longitud fija 00543nam a2200157 i 4500
001 - NÚMERO DE CONTROL
campo de control 34203
003 - IDENTIFICADOR DE NÚMERO DE CONTROL
campo de control ES-MaACL
005 - FECHA Y HORA DE LA ÚLTIMA TRANSACCIÓN
campo de control 20230906154907.0
007 - CAMPO FIJO DE DESCRIPCIÓN FÍSICA--INFORMACIÓN GENERAL
campo de control de longitud fija t|
008 - DATOS DE LONGITUD FIJA--INFORMACIÓN GENERAL
campo de control de longitud fija 030204s1910 sp ||||1| spa d
100 1# - ENTRADA PRINCIPAL--NOMBRE DE PERSONA
Nombre de persona Blanco y Sánchez, Rufino.
9 (RLIN) 29311
245 10 - MENCIÓN DEL TÍTULO
Título Pedagogía española
Resto del título : Quintana : sus ideas pedagógicas, su política y su significación filosófica /
Mención de responsabilidad, etc. Rufino Blanco y Sánchez.
260 ## - PUBLICACIÓN, DISTRIBUCIÓN, ETC.
Lugar de publicación, distribución, etc. Madrid :
Nombre del editor, distribuidor, etc. [s.n.,
Fecha de publicación, distribución, etc. 1910] (
Fabricante Tipografía de la Revista de Archivos)
300 ## - DESCRIPCIÓN FÍSICA
Extensión 142 p. ;
Dimensiones 18 cm.
852 ## - LOCALIZACIÓN
Ubicación ES-MaACL
Número de control de estantería F-9834
Holdings
Estatus retirado Estado de pérdida Estado de daño No para préstamo Biblioteca de origen Biblioteca actual Ubicación en estantería Fecha de adquisición Fuente de adquisición Total de préstamos Signatura topográfica completa Código de barras Visto por última vez Precio de reemplazo Tipo de ítem Koha
        Biblioteca del Ateneo de Madrid Biblioteca del Ateneo de Madrid Sala Pecera Planta 2 17/01/2008     F-9834 1035666 23/02/2023 23/02/2023 Libro impreso